Дело о досрочном выпуске из университетов и Медико-хирургической академии в связи с развитием военных действий

RUSMARC
00005745cmc2a2200000#x 450
001851c0a80-54ed-49d0-b98d-5848b6b3eda4
00520230912170724.0
100##$a20150826l18541855k l0rusy0189 ca
1010#$arus
102##$aRU
2001#$aДело о досрочном выпуске из университетов и Медико-хирургической академии в связи с развитием военных действий
$j15 марта 1854 г. - 26 апреля 1855 г.
251##$cДело
300##$aРукописный текст. Чернила
300##$aОригинальный заголовок дела: Дело по отношению военного министра о доставлении сведения касательно ускорения в медицинских факультетах университетов выпуска четвертых курсов. Тут же о распределении лекарей на службу по военно-сухопутному и морскому ведомствам. 15 марта 1854 г. - 26 апреля 1855 г.
801#0$aRU
$bРГИА
$c20150826
801#1$aRU
$bГлавНИВЦ
$c20150826
$2rusmarc
801#2$aRU
$bПБ им. Б.Н. Ельцина
$c20151215
$gRCR
$2rusmarc
850##$aФедеральное казенное учреждение "Российский государственный исторический архив"
852##$aРГИА
$j583
937##$hРГИА
$d12087988
$aASBIBLIO_SCAN
462#0$100110dcdccd-ec79-4ee8-a204-b9d031b41c04
$12001
$aМедицинские дела Департамента народного просвещения
$vД. 583
$1251
$cОпись
$1852
$j99
461#0$1001a74412a3-3cc5-4d21-8f0a-dfe2fbd9e72d
$12001
$aДепартамент народного просвещения Министерства народного просвещения
$1251
$cФонд
$1852
$j733
215##$a363 листа
$d36,5х26 см
371##$aДокумент не является опубликованным и широко распространяемым
105##$ay###
1222#$ad18540315##
$ad18550426##
5171#$aДело по отношению военного министра о доставлении сведения касательно ускорения в медицинских факультетах университетов выпуска четвертых курсов. Тут же о распределении лекарей на службу по военно-сухопутному и морскому ведомствам
$e15 марта 1854 г. - 26 апреля 1855 г.
035##$a851c0a80-54ed-49d0-b98d-5848b6b3eda4
605##$2acquisition_Prlib
$3LIBNET\UAF\0000107109
$aИстория образования в России
$lколлекция
605##$2acquisition_Prlib
$3DITM\AF\0000002775
$aВласть
$lколлекция
6061#$2prlib_sh
$3LIBNET\UAF\0000108502
$aМедицинские работники
$jАрхивные дела
$xУчастие в Крымской войне
$z1853 - 1856
60102$2nlr_sh
$3RU\NLR\AUTH\661501554
$aИмператорская медико-хирургическая академия
$cСанкт-Петербург, город
$jАрхивные дела
686##$2rubbk
$a63.3(2)521.2-68ю1
$vLBC/M
686##$2rubbk
$a51.1(2)5ю1
$vLBC/M
Формат отображения